000 00283nam a22001337a 4500
008 171030b xxu||||| |||| 00| 0 eng d
020 _a0870949470
041 _aeng
080 _a336
100 _a56
101 _aFIN
245 _aBILLS OF MATERIALS
_cMATHER,H
942 _2udc
_cBK
999 _c36315
_d36315